000
00274nam a2200109Ia 4500
008
200302s9999 xx 000 0 und d
100
_a
G. Duncan Mitchell ed.,
245
_a
A new Dictionary of Sociology
260
_b
Routledge Co., Ltd.,
260
_c
1989
300
_a
244 P.,
999
_c
2159
_d
2159